Premier League Manager's Previous Teams 2025/2026 - Statistics

General Stats
  • This quiz has been taken 911 times
    153 since last reset
  • The average score is 11 of 20
Answer Stats
Manager Tenure Previously managed team % Correct
Ruben Amorim 2020-24 Sporting Lisbon
93%
Pep Guardiola 2013-16 Bayern München
88%
Thomas Frank 2018-25 Brentford
83%
David Moyes 2019-24 West Ham United
82%
Graham Potter 2022-23 Chelsea
80%
Arne Slot 2021-24 Feyenoord
80%
Mikel Arteta 2016-19 Manchester City (Assistant manager)
80%
Unai Emery 2020-22 Villarreal
79%
Eddie Howe 2012-20 Bournemouth
74%
Enzo Maresca 2023-24 Leicester City
66%
Keith Andrews 2024-25 Brentford (Technical coach)
55%
Oliver Glasner 2021-23 Eintracht Frankfurt
50%
Marco Silva 2018-19 Everton
49%
Fabian Hürzeler 2022-24 St. Pauli
34%
Nuno Espírito Santo 2022-23 Al-Ittihad
29%
Scott Parker 2022-23 Club Brugge
21%
Andoni Iraola 2020-23 Rayo Vallecano
20%
Daniel Farke 2022-23 Borussia Mönchengladbach
19%
Régis Le Bris 2022-24 Lorient
19%
Vítor Pereira 2024 Al-Shabab
7%
No matching quizzes found
Score Distribution
Percent of People with Each Score
Percentile by Number Answered
Your Score History
You have not taken this quiz since the last reset